Contries nearest To the central african republic-Sudden death - Statistics

General Stats
  • This quiz has been taken 20 times
  • The average score is 4 of 16
Answers on the Grid
Answers color-coded by a green-red scale on the quiz's grid according to % correct below.
Eritrea
Chad
Algeria
Nigeria
Gabon
Somalia
Cameroon
Uganda
Sudan
Niger
Ethiopia
Liberia
Sierrea leone
Angola
Ghana
Egypt
Libya
Burundi
Rwanda
Zambia
Togo
Mali
Ivory coast
Benin
South sudan
Zimbabwe
Sao tome
Mauritania
Tanzania
Namibia
 
Answer Stats
Answer % Correct
Chad
77%
Sudan
62%
Niger
38%
Rwanda
38%
Uganda
38%
South sudan
31%
Cameroon
23%
Gabon
23%
Burundi
15%
Nigeria
15%
Benin
8%
Ghana
8%
Togo
8%
Liberia
0%
Sao tome
0%
Sierrea leone
0%
No matching quizzes found
Score Distribution
Percent of People with Each Score
Percentile by Number Answered
Your Score History
You have not taken this quiz